| 000 | 00419nam a2200181Ia 4500 | ||
|---|---|---|---|
| 005 | 20240823010517.0 | ||
| 008 | 240823s9999||||xx |||||||||||||| ||und|| | ||
| 041 | _aENGLISH | ||
| 082 | _A621.381P0 | ||
| 100 | _aMehta V K | ||
| 245 | 0 | _aPrinciples of Electronics | |
| 250 | _a1st | ||
| 260 |
_c2000 _b"S Chand,New Delhi" |
||
| 500 | _aYES | ||
| 650 |
_aElectronics _bElectronics |
||
| 942 | _cBK | ||
| 999 |
_c158835 _d158835 |
||